| 000 | 00819nji a22002297a 4500 | ||
|---|---|---|---|
| 005 | 20100908144715.0 | ||
| 006 | a|||||r|||||00| 0 | ||
| 007 | sd ammalaaahaa | ||
| 008 | 100830t xxu||||| |||| 00| 0 eng d | ||
| 028 |
_aF.40715 _bDecca |
||
| 035 | _aGR-01356 | ||
| 040 |
_aSED _cSED |
||
| 100 |
_917455 _aRos, Edmundo |
||
| 245 |
_aSpanish gipsy dance / _cby Edmundo Ros and his Orchestra _h[sound recording] : |
||
| 260 |
_aIndia _bDecca _c1962 |
||
| 300 |
_a1 sound disc [Gramophone Recording]: _banalog, 33 1/3 rpm _c9.5 in. (MP) _fGramophone Record |
||
| 500 | _aBrief Record | ||
| 505 | _aSide-2 (The blue danube) (Edmundo Ros and his Orchestra) | ||
| 650 |
_aClassical Music _zIndia _91186 _xExcerpts |
||
| 942 |
_2ddc _cGR |
||
| 999 |
_c44541 _d44541 |
||